| 000 | 00787cam a2200253 a 4500 | ||
|---|---|---|---|
| 001 | 000014603 | ||
| 005 | 20200929163856.0 | ||
| 008 | 771116s1965 ve a b 000 0 spa | ||
| 035 | _a(DLC) 67046549 | ||
| 035 | _a(OCoLC)3423746 | ||
| 040 |
_aDO-SdBNP _cKU _dDLC |
||
| 082 |
_a355.028 _bQ78h |
||
| 100 | 1 |
_aQuintero, Rodolfo, _d1909-1985. _926229 |
|
| 245 | 1 | 3 |
_aEl hombre y la guerra : _bestudio antropológico / _cRodolfo Quintero. |
| 260 |
_aCaracas : _bUniversidad Central de Venezuela, _c1965. |
||
| 300 |
_a193 p. : _bil. ; _c16 cm. |
||
| 490 | 1 |
_aAvance _v9 |
|
| 500 | _aEdiciones de la Biblioteca. | ||
| 504 | _aBibliografías: p. 191-193. | ||
| 650 | 4 |
_aGuerra y sociedad _92922 |
|
| 830 | 0 |
_aAvance ; _v9 _925824 |
|
| 910 | _aCatalogación por copia / LC | ||
| 049 | _aBNGR | ||
| 999 |
_c14189 _d14189 |
||